[Event "Calvia Amateur op 10th"]
[Site "Calvia"]
[Date "2013.10.12"]
[Round "8"]
[White "Planas Gene, Juan"]
[Black "Luijpen, Michiel"]
[Result "1-0"]
[WhiteElo "2082"]
[BlackElo "2016"]
[PlyCount "89"]
[EventDate "2013.10.05"]
[EventType "swiss"]
[EventRounds "9"]
[EventCountry "ESP"]
[SourceTitle "EXT 2014"]
[Source "ChessBase"]
[SourceDate "2013.11.20"]
[SourceVersion "1"]
[SourceVersionDate "2013.11.20"]
[SourceQuality "1"]

1. d4 Nf6 2. c4 g6 3. Nc3 d5 4. cxd5 Nxd5 5. e4 Nxc3 6. bxc3 Bg7 7. Nf3 c5 8. Be2 Nc6 9. Be3 Bg4 10. e5 0-0 11. Rb1 Qc7 12. 0-0 Rad8 13. Qa4 b6 14. dxc5 Bxf3 15. cxb6 axb6 16. Bxb6 Qd7 17. Rfd1 Nd4 18. Qxd7 Nxe2+ 19. Kf1 Rxd7 20. Rxd7 Bg4 21. Rd3 Bxe5 22. c4 Nf4 23. Re3 f6 24. g3 Bh3+ 25. Kg1 Ne6 26. f4 Bd6 27. Rb5 Rc8 28. Rc3 Nc5 29. Ra5 Be6 30. Rc1 Nd3 31. Rc2 Nc5 32. Ra7 Rb8 33. Bc7 Rb4 34. Bxd6 exd6 35. Rd2 Rb6 36. Re2 h5 37. a4 f5 38. a5 Rb1+ 39. Kg2 Ra1 40. a6 Ne4 41. Rb2 Kh8 42. Re7 Bg8 43. a7 Nc5 44. Rb8 Ra2+ 45. Kh3 1-0

[Event "Kesarovski Georgiev Memorial-B 12th"]
[Site "Sunny Beach"]
[Date "2013.09.02"]
[Round "3"]
[White "Ivanov, Daniel"]
[Black "Luijpen, Michiel"]
[Result "1/2-1/2"]
[WhiteElo "1790"]
[BlackElo "2016"]
[PlyCount "76"]
[EventDate "2013.08.31"]
[EventType "swiss"]
[EventRounds "9"]
[EventCountry "BUL"]
[SourceTitle "CBM 156 Extra"]
[Source "ChessBase"]
[SourceDate "2013.10.22"]
[SourceVersion "1"]
[SourceVersionDate "2013.10.22"]
[SourceQuality "1"]

1. e4 c5 2. Nf3 e6 3. d4 cxd4 4. Nxd4 Nc6 5. a3 Nf6 6. Nc3 Qc7 7. Ndb5 Qb8 8. Be3 a6 9. Nd4 Be7 10. Be2 0-0 11. 0-0 d6 12. Na4 Qc7 13. f3 b5 14. Nxc6 Qxc6 15. Nb6 Rb8 16. Nxc8 Rfxc8 17. Bd2 d5 18. exd5 Nxd5 19. Bd3 Bf6 20. c3 Rd8 21. Qc2 g6 22. Kh1 Qd6 23. Rad1 Nb4 24. axb4 Qxd3 25. Qxd3 Rxd3 26. Bf4 Rbd8 27. Rxd3 Rxd3 28. Rb1 g5 29. Bg3 Rd2 30. Kg1 Kg7 31. Kf1 Kg6 32. Be1 Rc2 33. h3 Be5 34. Bf2 h5 35. Re1 Kf5 36. Re2 Rc1+ 37. Re1 Rc2 38. Re2 Rc1+ 1/2-1/2

[Event "Bol op"]
[Site "Bol"]
[Date "2010.09.14"]
[Round "1"]
[White "Luijpen, Michiel"]
[Black "Biti, Ozren"]
[Result "0-1"]
[WhiteElo "2060"]
[BlackElo "2370"]
[PlyCount "76"]
[EventDate "2010.09.14"]
[EventType "swiss"]
[EventRounds "9"]
[EventCountry "CRO"]
[SourceTitle "CBM 138 Extra"]
[Source "ChessBase"]
[SourceDate "2010.10.29"]
[SourceVersion "1"]
[SourceVersionDate "2010.10.29"]
[SourceQuality "1"]

1. e4 d6 2. d4 Nf6 3. Nc3 e5 4. Nf3 Nbd7 5. g3 c6 6. a4 Be7 7. Bg2 0-0 8. 0-0 b6 9. Re1 a6 10. h3 Bb7 11. Be3 b5 12. Nh2 Qc7 13. g4 exd4 14. Bxd4 b4 15. Ne2 c5 16. Bxf6 Bxf6 17. c3 a5 18. Qd2 Nb6 19. g5 Be7 20. b3 Rfe8 21. c4 f6 22. h4 Rad8 23. Nf4 Bc8 24. Nf3 fxg5 25. hxg5 Bf8 26. Re2 g6 27. Rae1 Bg7 28. Nd5 Nxd5 29. exd5 Rxe2 30. Qxe2 Bc3 31. Nd2 Qf7 32. Rc1 Qf4 33. Rd1 Bg4 34. Bf3 Be5 35. Kf1 Bh3+ 36. Ke1 Qxg5 37. Ne4 Qh4 38. Kd2 Rf8 0-1

[Event "Calvia op"]
[Site "Calvia"]
[Date "2006.10.17"]
[Round "7.14"]
[White "Sarto Ramos, Angel"]
[Black "Luijpen, Michiel"]
[Result "1-0"]
[WhiteElo "2069"]
[BlackElo "2126"]
[PlyCount "89"]
[EventDate "2006.10.11"]
[EventType "swiss"]
[EventRounds "9"]
[EventCountry "ESP"]
[SourceTitle "EXT 2007"]
[Source "ChessBase"]
[SourceDate "2006.11.23"]
[SourceVersion "1"]
[SourceVersionDate "2006.11.23"]
[SourceQuality "1"]

1. g3 Nf6 2. c4 g6 3. Bg2 d5 4. cxd5 Nxd5 5. Nc3 Nxc3 6. bxc3 c5 7. Nf3 Bg7 8. 0-0 0-0 9. d4 Nc6 10. e3 cxd4 11. cxd4 Be6 12. Qa4 a6 13. Bd2 b5 14. Qa3 Qb6 15. Rfc1 b4 16. Qb2 Bd5 17. Qc2 Rfc8 18. Qc5 Qxc5 19. Rxc5 e6 20. Rac1 Bf8 21. R5c2 Be4 22. Rb2 a5 23. Ne1 Bxg2 24. Kxg2 Na7 25. Rbc2 Rxc2 26. Rxc2 Rc8 27. Kf3 f6 28. Rxc8 Nxc8 29. Ke4 Kf7 30. Kd3 Nb6 31. Nc2 Ke8 32. e4 Kd7 33. Ne3 Kd6 34. Nc4+ Nxc4 35. Kxc4 Be7 36. d5 exd5+ 37. exd5 Kd7 38. Kb5 Kd6 39. Kxa5 Kxd5 40. Bxb4 Bd8+ 41. Kb5 Ke4 42. a4 Kf3 43. Bc5 g5 44. a5 Bxa5 45. Kxa5 1-0

[Event "Calvia op 2nd"]
[Site "Calvia"]
[Date "2005.10.22"]
[Round "3"]
[White "Leskovar, Mario Leopoldo"]
[Black "Luijpen, Michiel"]
[Result "1-0"]
[WhiteElo "2372"]
[BlackElo "2143"]
[PlyCount "51"]
[EventDate "2005.10.21"]
[EventType "swiss"]
[EventRounds "9"]
[EventCountry "ESP"]
[SourceTitle "EXT 2006"]
[Source "ChessBase"]
[SourceDate "2005.11.24"]
[SourceVersion "1"]
[SourceVersionDate "2005.11.24"]
[SourceQuality "1"]

1. e4 e6 2. d4 d5 3. Nc3 Bb4 4. Nge2 dxe4 5. a3 Be7 6. Nxe4 Nf6 7. Qd3 Nxe4 8. Qxe4 Nd7 9. Bf4 Nf6 10. Qf3 0-0 11. 0-0-0 Nd5 12. Be5 b5 13. Nc3 f6 14. Nxd5 exd5 15. Bf4 c6 16. Bd3 b4 17. a4 a5 18. Rhe1 Ra7 19. Re3 c5 20. Rxe7 Rxe7 21. dxc5 Rfe8 22. Bb5 Re1 23. Bxe8 Rxd1+ 24. Kxd1 Qxe8 25. Qxd5+ Be6 26. Qd6 1-0

[Event "Ghent op 18th"]
[Site "Ghent"]
[Date "1995.07.15"]
[Round "2"]
[White "Luijpen, Michiel"]
[Black "Werbeck, Torsten"]
[Result "0-1"]
[WhiteElo "1915"]
[BlackElo "2265"]
[PlyCount "58"]
[EventDate "1995.07.15"]
[EventType "swiss"]
[EventRounds "9"]
[EventCountry "BEL"]
[SourceTitle "EXT 2006"]
[Source "ChessBase"]
[SourceDate "2005.11.24"]
[SourceVersion "1"]
[SourceVersionDate "2005.11.24"]
[SourceQuality "1"]

1. e4 e6 2. d4 d5 3. e5 c5 4. c3 Qb6 5. Nf3 Nc6 6. a3 a5 7. b3 Bd7 8. Be2 cxd4 9. cxd4 Nge7 10. 0-0 Nf5 11. Bb2 Be7 12. g4 Nh4 13. Nxh4 Bxh4 14. f4 f6 15. Kg2 fxe5 16. fxe5 Rf8 17. Rxf8+ Kxf8 18. Qd3 Kg8 19. Nd2 Ne7 20. Rf1 Ng6 21. Qe3 Be7 22. Bd3 Bb5 23. Rf2 Bxd3 24. Qxd3 Bg5 25. Qc2 Be3 26. Rf1 Bxd4 27. Nf3 Bxb2 28. Qxb2 Rf8 29. Ng5 Nh4+ 0-1